Sports Quiz

Random Sports or Clickable Quiz

Vowel-Swapped NFL Teams Quiz Stats

 Plays Quiz Updated May 8, 2019

Score 0/13 Timer 02:30
0 Plays Today
% Correct
CELTS
87.2%
RIMS
82.6%
VAKENGS
74.8%
TOXINS
72.8%
BAIRS
72.4%
FILCANS
70.7%
BRINCES
70.4%
STAILORS
70%
RAUDARS
69.2%
PENTHIRS
69.1%
LEANS
69%
PICKARS
65.4%
AIGLAS
60%

You're not logged in!

Compare scores with friends on all Sporcle quizzes.
OR
Log In

Sporcle TV

Today on Sporcle TV


Watch our educational content, quiz creation guides, and fun videos on Sporcle TV.

Show Comments

Extras

Top Quizzes Today


Score Distribution

Your Account Isn't Verified!

In order to create a playlist on Sporcle, you need to verify the email address you used during registration. Go to your Sporcle Settings to finish the process.

Report this User

Report this user for behavior that violates our Community Guidelines.

Details: